Logo BPK

Biblioteka

Politechniki Koszalińskiej

Słownik geodezyjny polsko-angielsko-niemiecki = (Rekord nr 24051)

Szczegóły MARC
000 -ETYKIETA REKORDU
podpole kontrolne o stałej długości 00880nam a2200217 i 4500
001 - NUMER KONTROLNY REKORDU
pole kontrolne bg
040 ## - ŹRÓDŁO KATALOGOWANIA
Instytucja, która utworzyła rekord BPK
041 w# - KOD JĘZYKA
Kod języka tekstu polengger
080 ## - UNIWERSALNA KLASYFIKACJA DZIESIĘTNA - UKD
UKD 528(038)=162.1=111=112.2
008 - POLE O STAŁEJ DŁUGOŚCI - DANE KONTROLNE
podpole kontrolne o stałej długości s pl f |000 0 pol
100 1# - NAZWA OSOBOWA
Nazwa osobowa TATARCZYK, Jerzy
245 00 - TYTUŁ/ODPOWIEDZIALNOŚĆ
Tytuł Słownik geodezyjny polsko-angielsko-niemiecki =
Ciąg dalszy tytułu Geodetical doctionary = Geodätische Wörterbuch : [dokument elektroniczny /
Pozostałe elementy strefy tytułu i oznaczenia odpowiedzialności Jerzy Tatarczyk].
260 ## - STREFA ADRESU WYDAWNICZEGO
Miejsce wydania Katowice :
Nazwa wydawcy/dystrybutora "Gall",
Data publikacji, dystrybucji/powstania dokumentu 2001.
300 ## - STREFA OPISU FIZYCZNEGO
Objętość 1 dysk optyczny [CD-ROM].
500 ## - UWAGI OGÓLNE
Tekst uwagi Min. wymagania sprzętowe: Pentium 166, 64MB RAM, CD-ROM, monitor VGA 800x600, 256 color, Win9x.
650 #9 - HASŁO PRZEDMIOTOWE W FORMIE NAZWY OGÓLNEJ LUB JEDNOSTKOWEJ
Nazwa ogólna lub geograficzna Geodezja
Określnik ogólny terminologia
650 #9 - HASŁO PRZEDMIOTOWE W FORMIE NAZWY OGÓLNEJ LUB JEDNOSTKOWEJ
Nazwa ogólna lub geograficzna Słownik wielojęzyczny
655 ## - TERMIN INDEKSOWY - OKREŚLENIE RODZAJU/FORMY DOKUMENTU
Określenie rodzaju/formy dokumentu Słowniki
856 ## - LOKALIZACJA I DOSTĘP DO ELEKTRONICZNYCH DOKUMENTÓW ZDALNYCH
Link (URL) http://koha.tu.koszalin.pl/cgi-bin/koha/opac-detail.pl?biblionumber=24051
Tekst linku Katalog online BPK
942 ## - DODATKOWE ELEMENTY (KOHA)
Typ dokumentu Płyta CD
Egzemplarze
Wycofany Status egzemplarza Uszkodzony Dostępność Lokalizacja stała Lokalizacja bieżąca Miejsce przechowywania Sygnatura Kod kreskowy Dział Typ dokumentu
      Tylko na miejscu Biblioteka Politechniki Koszalińskiej Biblioteka Politechniki Koszalińskiej Czytelnia BG CD 1289 02298672 0/9(0.034.2) Dokumenty elektroniczne Płyta CD
© 2023 Biblioteka Politechniki Koszalińskiej :: KOHA